Monte Carlo Simulations in Non-life Insurance

Modelovanie poistných rizík. Simulácia Monte Carlo kolektívneho rizika. Príklad aplikácie Monte Carlo metód pre neživotné poistenie.

Na minha lista:
Detalhes bibliográficos
Autor principal: Pacáková, Viera
Formato: Capítulo de Livro
Idioma:inglês
Assuntos:
Tags: Adicionar Tag
Sem tags, seja o primeiro a adicionar uma tag!

MARC

LEADER 00000naa$a2200000$$$4500
001 0075826
005 20240502083214.0
041 0 |a eng 
044 |a PL 
245 1 0 |a Monte Carlo Simulations in Non-life Insurance  |c Viera Pacáková 
520 |a Modelovanie poistných rizík. Simulácia Monte Carlo kolektívneho rizika. Príklad aplikácie Monte Carlo metód pre neživotné poistenie. 
610 2 0 |a poistenie neživotné 
610 2 0 |a simulácia 
610 2 0 |a modely matematicko-štatistické 
610 2 0 |a metódy matematicko-štatistické 
100 1 |a Pacáková, Viera